| 000 | 01149 a2200337 4500 | ||
|---|---|---|---|
| 999 |
_c200129113 _d7603 |
||
| 001 | 200129113 | ||
| 003 | TR-AnTOB | ||
| 005 | 20241121102130.0 | ||
| 008 | 130430s2011 tu 000 0 | ||
| 040 |
_aTR-AnTOB _cTR-AnTOB |
||
| 041 | _atur | ||
| 050 |
_aBP189. _bD37 2013 |
||
| 090 | _aBP189İ D37 2013 | ||
| 100 | 0 |
_aMuhammed Hilmi Efendi, _d-1916 _998540 |
|
| 245 | 1 | 0 |
_aTasavvuf risalesi / _cHacı Muhammed Hilmi Darendevî ; editörler Yaşar Alparslan, Serdar Yakar. |
| 264 | 1 |
_aGaziantep: _bUKDE, _c2013 |
|
| 300 |
_a66 p. : _bill. ; _c21 cm. |
||
| 336 |
_2rdacontent _atext _btxt |
||
| 337 |
_2rdamedia _aunmediated _bn |
||
| 338 |
_2rdacarrier _avolume _bnc |
||
| 490 | 0 |
_aUKDE Kitaplığı ; _v119 _aMaraş Kültürü Edebiyat Serisi ; _v37 |
|
| 504 | _aIncludes bibliographical references. | ||
| 650 | 0 |
_93876 _aSufism |
|
| 650 | 0 | 0 |
_aReligious awakening _xIslam _988492 |
| 650 | 0 | 7 |
_aDini uyanış _xİslam _2etuturkob _988494 |
| 650 | 0 | 7 |
_aİslami vaazlar, Arap _2etuturkob _988495 |
| 650 | 0 |
_aIslamic sermons, Arabic _zEarly works to 1800. _988493 |
|
| 650 | 0 |
_aTasavvuf _913466 |
|
| 942 |
_cBK _2lcc |
||